000 00586nam a2200181 i 4500
001 182378
003 ES-MaACL
005 20230906221608.0
008 130807q19001950fr |||| | fre d
100 0 _aChénier, André.
_938343
245 1 0 _aÉlégies /
_cAndré Chénier.
260 _aParis :
_bLes Éditions G. Crès,
_c[19-?]
300 _a74 p. ;
_c15 cm.
490 1 _aBibliothèque "classica"
830 0 _aBibliothèque "classica"
_9224828
852 _aES-MaACL
_j2321-F-2
_z.- Donat. de los herederos de la bibl. de Mª del Pilar Costa Palacín
999 _c182378
_d182378